Capitales d'Amérique du Sud - Retrouver les pays - Statistiques

Statistiques générales
  • Ce quiz a été pris 68 fois
  • Le résultat moyen est 11 sur 12
Statistiques - réponses
Capitale Pays % Correct
Buenos Aires Argentine
100%
Bogotá Colombie
98%
Brasilia Brésil
97%
Santiago Chili
92%
Lima Pérou
92%
Montevideo Uruguay
92%
Asunción Paraguay
89%
Caracas Venezuela
89%
Sucre Bolivie
84%
Quito Équateur
84%
Georgetown Guyana
77%
Paramaribo Suriname
73%
Aucun quiz correspondant
Distribution des résultats
% des personnes avec chaque résultat
Percentile par nombre de réponses
Votre historique - résultats
Vous n’avez pas pris ce quiz